5 Biggest 6 letter Cities in each Continent - Statistics

General Stats
  • This quiz has been taken 35 times
    19 since last reset
  • The average score is 22 of 30
Answer Stats
Continent Letter Population City % Correct
Europe L 14,346,754 London
100%
Europe M 20,411,864 Moscow
100%
Europe B 5,159,352 Berlin
94%
S. America B 11,801,074 Bogotá
94%
Asia M 23,550,103 Manila
94%
N. America M 23,451,303 México
94%
Asia M 27,106,125 Mumbai
94%
N. America D 6,832,354 Dallas
89%
Asia L 15,042,166 Lahore
89%
Europe M 6,810,530 Madrid
89%
Oceania S 5,561,754 Sydney
89%
Africa L 10,155,740 Luanda
83%
N. America B 5,041,632 Boston
78%
Europe M 4,130,053 Münich
78%
Asia T 16,603,889 Tehran
78%
Asia X 15,593,886 Xiamen
78%
Africa B 5,167,455 Bamako
72%
Africa D 4,239,901 Durban
72%
S. America M 2,471,643 Manaus
72%
N. America D 2,963,821 Denver
67%
Africa I 4,210,758 Ibadan
67%
S. America R 3,301,778 Recife
67%
Africa D 6,219,974 Douala
61%
Oceania H 264,101 Hobart
56%
N. America P 3,505,132 Puebla
50%
Oceania C 160,933 Cairns
44%
S. America S 1,296,414 Santos
39%
Oceania H 151,638 Honiara
33%
S. America C 1,102,528 Cuiabá
22%
Oceania N 178,506 Nouméa
17%
No matching quizzes found
Score Distribution
Percent of People with Each Score
Percentile by Number Answered
Your Score History
You have not taken this quiz since the last reset